000
00306nam a2200121Ia 4500
008
240624s9999 xx 000 0 und d
041
_a
eng
082
_a
823 BON
100
_a
BONNETT ALASTAIR
245
_a
NEW VIEWS THE WORLD MAPPED LIKE NEVER BE
260
_c
2017
_a
London
_b
Aurum Press
365
_c
_b
33
999
_c
32712
_d
32712